[Event "Chigorin Memorial"]
[Site "St Petersburg RUS"]
[Date "2013.10.12"]
[Round "8.19"]
[White "Popilski, Gil"]
[Black "Romanko, Marina"]
[Result "1/2-1/2"]
[WhiteTitle "GM"]
[BlackTitle "IM"]
[WhiteElo "2486"]
[BlackElo "2359"]
[WhiteFideId "2809060"]
[BlackFideId "4149351"]
[EventDate "2013.10.05"]

1. e4 c6 2. d4 d5 3. e5 Bf5 4. Nf3 e6 5. Be2 Ne7 6. O-O Bg6 7. Nbd2 Nf5 8. Nb3
Nd7 9. Bg5 Be7 10. Bxe7 Nxe7 11. a4 Rc8 12. a5 O-O 13. Re1 Bh5 14. Ng5 Bxe2 15.
Qxe2 h6 16. Nf3 c5 17. dxc5 Nxc5 18. Nbd4 a6 19. Ra3 Ng6 20. Nd2 Nd7 21. N2f3
Nc5 22. Nd2 Nd7 23. N2f3 Nc5 1/2-1/2

[Event "Chigorin Memorial"]
[Site "St Petersburg RUS"]
[Date "2013.10.12"]
[Round "8.20"]
[White "Rozhko, Dmitry"]
[Black "Akopian, Vladimir"]
[Result "0-1"]
[WhiteTitle "FM"]
[BlackTitle "GM"]
[WhiteElo "2339"]
[BlackElo "2684"]
[WhiteFideId "4150430"]
[BlackFideId "13300032"]
[EventDate "2013.10.05"]

1. d4 c5 2. c3 d5 3. Nf3 Nf6 4. Bf4 Qb6 5. Qb3 Nc6 6. Nbd2 Qxb3 7. Nxb3 Nh5 8.
Bg3 c4 9. Nbd2 b5 10. a3 h6 11. e3 Bf5 12. Be2 Nxg3 13. hxg3 e6 14. Ne5 Nxe5 15.
dxe5 Be7 16. g4 Bg6 17. Nf3 Be4 18. Rh5 Kd7 19. Nd4 Rhb8 20. f3 Bg6 21. Rh1 a5
22. Kf2 b4 23. axb4 axb4 24. e4 Bc5 25. Kg3 Bxd4 26. cxd4 b3 27. Rxa8 Rxa8 28.
Kf4 Ra2 29. Rb1 Kc6 30. Ke3 Kb5 31. g3 Kb4 32. Bf1 f6 33. exf6 gxf6 34. Be2 e5
35. Rd1 dxe4 36. fxe4 Rxb2 37. d5 Be8 38. g5 hxg5 39. d6 Bd7 40. Rh1 c3 41. Bd3
Rg2 42. Rh7 Rxg3+ 43. Ke2 Bg4+ 0-1

[Event "Chigorin Memorial"]
[Site "St Petersburg RUS"]
[Date "2013.10.12"]
[Round "8.21"]
[White "Demchenko, Anton"]
[Black "Borisenko, Andrei"]
[Result "1-0"]
[WhiteTitle "GM"]
[BlackTitle "IM"]
[WhiteElo "2632"]
[BlackElo "2401"]
[WhiteFideId "4160258"]
[BlackFideId "4120930"]
[EventDate "2013.10.05"]

1. d4 g6 2. c4 Bg7 3. Nf3 d6 4. Nc3 e5 5. g3 exd4 6. Nxd4 Nc6 7. Nc2 Nge7 8. Bg2
O-O 9. O-O Be6 10. Ne3 Rb8 11. Bd2 a6 12. a4 a5 13. Rb1 b6 14. Ncd5 Ne5 15. Qc2
Nd7 16. Bc3 f6 17. Nf4 Bf7 18. b3 f5 19. Bxg7 Kxg7 20. Qc3+ Kg8 21. h4 Nc5 22.
Rbd1 h6 23. Rfe1 Kh7 24. Qc2 Qd7 25. Bh3 Be6 26. Ned5 Bxd5 27. cxd5 Qe8 28. Bg2
g5 29. hxg5 hxg5 30. Ne6 Nxe6 31. dxe6 Qd8 32. e4 f4 33. e5+ Kg8 34. exd6 cxd6
35. Rd5 Nxd5 36. Qg6+ Kh8 37. Qh6+ Kg8 38. Bxd5 Qe7 39. Qg6+ Kh8 40. Kg2 f3+ 41.
Bxf3 Qg7 42. Qh5+ Qh7 43. Qxh7+ Kxh7 44. e7 Rfe8 45. Bh5 Kg7 46. Re6 1-0

[Event "Chigorin Memorial"]
[Site "St Petersburg RUS"]
[Date "2013.10.12"]
[Round "8.23"]
[White "Aitbayev, Aslan"]
[Black "Andriasian, Zaven"]
[Result "0-1"]
[WhiteTitle "IM"]
[BlackTitle "GM"]
[WhiteElo "2403"]
[BlackElo "2621"]
[WhiteFideId "13704613"]
[BlackFideId "13302000"]
[EventDate "2013.10.05"]

1. e4 c5 2. Nf3 d6 3. d4 cxd4 4. Nxd4 Nf6 5. Nc3 a6 6. Be2 g6 7. O-O Bg7 8. Re1
O-O 9. Bf1 Nc6 10. Nb3 Bg4 11. f3 Be6 12. Nd5 Bxd5 13. exd5 Nb4 14. c4 b5 15. a3
bxc4 16. axb4 cxb3 17. Qxb3 a5 18. Be3 axb4 19. Bb5 Rb8 20. Bc6 Nd7 21. Re2 Nc5
22. Qc4 b3 23. Bxc5 dxc5 24. Qxc5 Bf6 25. g3 h5 26. Kg2 h4 27. Rd1 Qd6 28. Qxd6
exd6 29. Rd3 Rb4 30. f4 Rfb8 31. Kh3 Kg7 32. Bd7 Rc4 33. Re8 Rb7 34. Bc6 Rb6 35.
Ree3 Rcb4 36. Re2 hxg3 37. hxg3 Rb8 38. Bd7 Rd8 39. Bc6 g5 40. fxg5 Bxg5 41. Rf3
Rh8+ 42. Kg2 Rh6 43. Ref2 Rf6 44. Rxf6 Bxf6 45. Rf4 Rb8 46. Rf3 Bxb2 47. Ba4 Rb4
48. Bxb3 Be5 49. Rd3 Kg6 50. Rf3 Rd4 51. Bc2+ Kg7 52. Bb3 Re4 53. Bc2 Rc4 54.
Bb3 Rc1 55. Rf1 Rc5 56. Rf3 Kg6 57. Ba2 Rb5 58. Bb3 Kg7 59. Kh3 Rb4 60. Kg2 Kf8
61. Kh3 Ke7 62. Kg2 Kd8 63. Kh3 f6 64. Rd3 Kc7 65. Bd1 Rb2 66. Ba4 Ra2 67. Bd1
Kb6 68. Kg4 Rg2 69. Kh3 Rf2 70. Bf3 Kc5 71. Bg2 Ra2 72. Bf3 Kc4 73. Rd1 Ra3 74.
Kg2 Ra8 75. Rc1+ Kd3 76. Rd1+ Kc2 77. Rh1 Rg8 78. Rh3 Kd3 79. Bh5 Ke3 80. Bf7
Rb8 81. Rh1 Rb2+ 82. Kh3 Rb7 83. Be6 Rg7 84. Bg4 Ke4 85. Rd1 Bxg3 86. Rf1 Be5
87. Be6 Rg5 88. Re1+ Kf3 89. Rf1+ Ke2 90. Rf5 Rg1 91. Kh4 Ke3 92. Kh5 Ke4 93.
Kh4 Rh1+ 94. Kg4 Rg1+ 95. Kh4 Bd4 96. Kh5 Kd3 97. Rf3+ Ke4 98. Rf5 Rg2 99. Kh4
Be5 100. Kh5 Kd4 101. Kh4 Kc5 102. Rf1 Rg5 103. Rc1+ Kd4 104. Rd1+ Ke3 105. Rf1
Bg3+ 106. Kh3 Bf2 107. Ra1 Kf3 108. Ra3+ Be3 109. Ra4 f5 110. Kh4 Rg6 111. Bf7
Bf2+ 112. Kh5 Rg1 113. Ra6 Bc5 114. Bg6 f4 115. Ra8 Re1 116. Bf7 Re5+ 117. Kh4
Ke3 118. Ra1 f3 119. Re1+ Kf4 120. Rf1 f2 121. Be6 Re1 122. Bh3 Re8 123. Bg4
Rh8+ 124. Bh5 Bd4 0-1

[Event "Chigorin Memorial"]
[Site "St Petersburg RUS"]
[Date "2013.10.12"]
[Round "8.24"]
[White "Ponkratov, Pavel"]
[Black "Vavulin, Maksim"]
[Result "1-0"]
[WhiteTitle "GM"]
[WhiteElo "2618"]
[BlackElo "2377"]
[WhiteFideId "4157800"]
[BlackFideId "4169530"]
[EventDate "2013.10.05"]

1. d4 Nf6 2. c4 e6 3. Nf3 b6 4. Bf4 Bb7 5. e3 c5 6. d5 exd5 7. Nc3 dxc4 8. Nb5
Na6 9. Bxc4 Be7 10. Qa4 Ne4 11. Ne5 O-O 12. Rd1 Nf6 13. Nd6 Bxd6 14. Rxd6 Nb8
15. O-O Ne8 16. Rfd1 Nxd6 17. Rxd6 Qe7 18. Qd1 Bc6 19. Bd3 g6 20. Ng4 Rc8 21.
Nf6+ Kg7 22. Qg4 Rh8 23. Nh5+ Kg8 24. Bh6 Qxd6 25. Qg5 f5 26. Bc4+ 1-0

[Event "Chigorin Memorial"]
[Site "St Petersburg RUS"]
[Date "2013.10.12"]
[Round "8.26"]
[White "Ben Artzi, Ido"]
[Black "Jumabayev, Rinat"]
[Result "0-1"]
[BlackTitle "GM"]
[WhiteElo "2370"]
[BlackElo "2568"]
[WhiteFideId "2810913"]
[BlackFideId "13702661"]
[EventDate "2013.10.05"]

1. d4 Nf6 2. c4 d6 3. Nc3 Nbd7 4. Nf3 e5 5. Bg5 Be7 6. e3 O-O 7. Qc2 c6 8. O-O-O
Qa5 9. Bd3 Re8 10. g4 Nf8 11. Rhg1 Be6 12. Bxf6 Bxf6 13. Ne4 Be7 14. dxe5 dxe5
15. b3 Bd5 16. Nfd2 Bxe4 17. Nxe4 Red8 18. c5 Ne6 19. Nd6 g6 20. Nxb7 Qa3+ 21.
Qb2 Qxb2+ 22. Kxb2 Rd7 23. Be4 Rc7 24. Na5 Nxc5 25. Bxc6 Rb8 26. e4 Rb6 27. Bd5
Na4+ 28. Ka1 Nc3 29. Rc1 Ra6 30. Bc4 Rxc4 31. bxc4 Bb4 32. Rg3 Ne2 33. Nb3 Nxc1
34. Nxc1 Rc6 35. a3 Bc5 36. Nb3 Bxf2 37. Rc3 Kg7 38. c5 Kh6 39. Rh3+ Kg5 40.
Rxh7 Rf6 41. Kb2 Kxg4 42. Kc3 Rf3+ 43. Kc4 Be1 44. c6 Rc3+ 45. Kd5 Rxb3 46. c7
Rd3+ 47. Kc6 f5 48. Rg7 Ba5 49. c8=Q Rc3+ 50. Kd7 Rxc8 51. Kxc8 fxe4 52. Rxg6+
Kf4 53. Kd7 e3 54. Ke6 e2 55. Rf6+ Ke4 56. Rf5 Bc3 0-1

[Event "Chigorin Memorial"]
[Site "St Petersburg RUS"]
[Date "2013.10.12"]
[Round "8.27"]
[White "Kozionov, Kirill"]
[Black "Stocek, Jiri"]
[Result "1/2-1/2"]
[WhiteTitle "FM"]
[BlackTitle "GM"]
[WhiteElo "2368"]
[BlackElo "2543"]
[WhiteFideId "24101729"]
[BlackFideId "304760"]
[EventDate "2013.10.05"]

1. e4 d6 2. d4 Nf6 3. Nc3 g6 4. f4 Bg7 5. Nf3 Nc6 6. Be3 O-O 7. e5 Ng4 8. Bg1
dxe5 9. fxe5 Nb4 10. h3 Nh6 11. g4 b6 12. Bg2 Bb7 13. a3 Nd5 14. Nxd5 Qxd5 15.
Nh4 Qa5+ 16. b4 Qa6 17. Bxb7 Qxb7 18. Qf3 Rab8 19. Be3 e6 20. Qxb7 Rxb7 21. Ke2
Kh8 22. Bxh6 Bxh6 23. Nf3 c5 24. g5 Bg7 25. c4 cxd4 26. Rhd1 Rd8 27. Kd3 a5 28.
bxa5 bxa5 29. Rab1 Rdb8 30. Rxb7 Rxb7 31. Ke4 Bf8 32. Rd3 Rc7 33. Nd2 a4 34.
Kxd4 Rd7+ 35. Ke4 Rxd3 36. Kxd3 Bxa3 37. Ne4 Bb2 38. Nc3 Kg7 39. c5 Kf8 40. Nxa4
Bxe5 41. Ke4 Bg3 42. Nb2 Ke7 43. Nd3 Kd7 44. Kd4 Kc7 45. Ne5 Bxe5+ 46. Kxe5 Kc6
47. Kd4 Kb5 48. h4 Kc6 49. Kc4 e5 50. Kb4 e4 51. Kc4 e3 52. Kd3 Kxc5 53. Kxe3
Kd5 54. Kf3 Ke6 55. Kf4 Kd7 56. Ke4 Kd6 57. Kf4 Ke6 58. Kf3 Ke7 59. Kf4 Kf8 60.
Ke4 Kg8 61. Kf4 h6 62. Ke4 Kg7 63. Ke5 hxg5 64. hxg5 Kf8 65. Kf4 Ke8 66. Ke4 Kd8
67. Kd4 Kc7 68. Kc5 Kd7 1/2-1/2

[Event "Chigorin Memorial"]
[Site "St Petersburg RUS"]
[Date "2013.10.12"]
[Round "8.28"]
[White "Anisimov, Pavel2"]
[Black "Tologontegin, Semetey"]
[Result "1/2-1/2"]
[WhiteTitle "IM"]
[BlackTitle "FM"]
[WhiteElo "2538"]
[BlackElo "2350"]
[WhiteFideId "4135229"]
[BlackFideId "13800574"]
[EventDate "2013.10.05"]

1. e4 e5 2. Nf3 Nc6 3. Bb5 Nge7 4. Nc3 d6 5. d4 exd4 6. Nxd4 a6 7. Be2 Nxd4 8.
Qxd4 Nc6 9. Qe3 g6 10. Qg3 h6 11. O-O Bg7 12. f4 Bd7 13. Bc4 Nd4 14. Bd3 Bc6 15.
Nd5 Qd7 16. c3 Bxd5 17. exd5 Nf5 18. Re1+ Kf8 19. Qf3 h5 20. g3 Bf6 21. Bd2 Kg7
22. Re4 Rae8 23. Rae1 Rxe4 24. Qxe4 Nh6 25. Qf3 h4 26. Be2 hxg3 27. hxg3 Ng8 28.
g4 Kf8 29. g5 Bg7 30. Qg4 Qd8 31. Bf3 Ne7 32. Be4 a5 33. Kg2 b6 34. b3 Qe8 35.
c4 Qd8 36. Bc2 Bb2 37. Rf1 Qe8 38. Re1 Qd8 39. Rb1 Bg7 40. Be4 Qe8 41. Re1 Qd8
42. a3 Bb2 43. Re2 Bd4 44. Bd3 Qc8 45. Qxc8+ Nxc8 46. b4 axb4 47. axb4 Ne7 48.
Be1 Nf5 49. Ra2 Ke7 50. Re2+ Kd7 51. Bxf5+ gxf5 52. b5 Ra8 53. Rc2 Ra3 54. Bd2
Ke7 55. Kf1 Be3 56. Bxe3 Rxe3 57. Re2 1/2-1/2

[Event "Chigorin Memorial"]
[Site "St Petersburg RUS"]
[Date "2013.10.12"]
[Round "8.29"]
[White "Rozum, Ivan"]
[Black "Mikhalchenko, Petr"]
[Result "1-0"]
[WhiteTitle "IM"]
[WhiteElo "2533"]
[BlackElo "2344"]
[WhiteFideId "24104272"]
[BlackFideId "4177657"]
[EventDate "2013.10.05"]

1. d4 Nf6 2. c4 e6 3. Nf3 Bb4+ 4. Nbd2 O-O 5. a3 Be7 6. b4 a5 7. b5 a4 8. e4 c6
9. bxc6 dxc6 10. Bd3 e5 11. Qc2 exd4 12. e5 Ng4 13. h3 Nh6 14. Bxh7+ Kh8 15. Bd3
Nd7 16. O-O Nc5 17. g4 f5 18. exf6 Bxf6 19. Rb1 Qd7 20. Ne4 Nxe4 21. Bxh6 gxh6
22. Bxe4 h5 23. Bf5 Qg7 24. Bxc8 Raxc8 25. Qf5 hxg4 26. hxg4 Be7 27. Qh5+ Kg8
28. Ne5 Bxa3 29. f4 Rc7 30. g5 Qh7 31. Qg4 Qf5 32. Qg3 Bc5 33. Ng4 d3+ 34. Kh2
Kh8 35. Nh6 Qg6 36. Qh4 Rh7 37. f5 Qg7 38. f6 Qg6 39. Rxb7 Be3 40. Rxh7+ Qxh7
41. Kg2 d2 42. Qg4 c5 43. Nf5 Qb7+ 44. Kg3 Bd4 45. Ne7 Qb8+ 46. Kg2 Qb7+ 47. Rf3
Qb1 1-0

[Event "Chigorin Memorial"]
[Site "St Petersburg RUS"]
[Date "2013.10.12"]
[Round "8.32"]
[White "Stukopin, Andrey"]
[Black "Duzhakov, Ilya"]
[Result "1-0"]
[WhiteTitle "IM"]
[BlackTitle "FM"]
[WhiteElo "2515"]
[BlackElo "2326"]
[WhiteFideId "24107131"]
[BlackFideId "4192516"]
[EventDate "2013.10.05"]

1. e4 e6 2. d4 d5 3. Nc3 Nf6 4. Bg5 Bb4 5. e5 h6 6. Bh4 g5 7. Bg3 Ne4 8. Ne2 Nc6
9. a3 Bxc3+ 10. Nxc3 Nxg3 11. hxg3 Bd7 12. Qd2 Qe7 13. Bb5 O-O-O 14. O-O-O Nb8
15. Be2 f6 16. f4 Nc6 17. Rh2 gxf4 18. gxf4 fxe5 19. fxe5 Qg5 20. Bf3 Rdf8 21.
Ne2 Ne7 22. Rdh1 Qxd2+ 23. Kxd2 Nf5 24. Rh3 Rh7 25. g4 Ng7 26. Ke3 h5 27. Nf4
Be8 28. Be2 Rh6 29. Bd3 Kd8 30. c3 Ke7 31. b4 c6 32. a4 b6 33. a5 b5 34. gxh5
Nf5+ 35. Bxf5 Rxf5 36. Rg3 Bf7 37. Rhg1 Ke8 38. Rg5 Rxg5 39. Rxg5 Ke7 40. Kf3
Kf8 41. Kg4 Ke7 42. Kh4 Rh7 43. Ng2 Be8 44. Ne3 Rf7 45. Ng4 Rf1 46. Rg7+ Bf7 47.
Rh7 Kf8 48. Nf6 Rh1+ 49. Kg3 Rc1 50. h6 Rxc3+ 51. Kg4 1-0

[Event "Chigorin Memorial"]
[Site "St Petersburg RUS"]
[Date "2013.10.12"]
[Round "8.33"]
[White "Can, Emre"]
[Black "Khanin, Semen"]
[Result "1-0"]
[WhiteTitle "GM"]
[WhiteElo "2513"]
[BlackElo "2270"]
[WhiteFideId "6302181"]
[BlackFideId "4111990"]
[EventDate "2013.10.05"]

1. d4 d5 2. c4 e6 3. Nf3 c5 4. cxd5 exd5 5. g3 Nc6 6. Bg2 Nf6 7. O-O Be7 8. Nc3
O-O 9. Bg5 cxd4 10. Nxd4 h6 11. Bf4 Bg4 12. h3 Be6 13. Rc1 Qd7 14. Nxe6 fxe6 15.
e4 d4 16. e5 dxc3 17. exf6 Qxd1 18. Rfxd1 Bxf6 19. bxc3 Rac8 20. h4 Na5 21. Bh3
Rfe8 22. Rd7 Rxc3 23. Rxc3 Bxc3 24. Rc7 Bd4 25. Bd2 b6 26. Rxa7 Nc4 27. Bb4 Ne5
28. Ra3 Kf7 29. Kg2 Rc8 30. Ra7+ Kf6 31. Be7+ Kg6 32. Ra4 Nc6 33. Bxe6 Re8 34.
h5+ Kh7 35. Bf5+ Kg8 36. Ba3 b5 37. Bd7 Rd8 38. Be6+ Kh8 39. Ra6 b4 40. Bc1 Ne5
41. Bf5 Kg8 42. Bf4 Kf8 43. g4 Nf7 44. Rc6 Ke7 45. Rc7+ Kf8 46. Be6 Ng5 47. Bc4
Bf6 48. Be3 Be7 49. f3 Re8 50. Rb7 Rd8 51. Bb3 Nh7 52. Bb6 Rd2+ 53. Kf1 Ke8 54.
Be3 Rd8 55. Ke2 Nf6 56. Bd2 Nd5 57. Bxd5 Rxd5 58. Bxb4 Re5+ 59. Kd1 Bf6 60. Bc3
Rd5+ 61. Kc2 Rc5 62. Rb3 Rc7 63. Kb2 Bg5 64. a4 Ra7 65. a5 Kd7 66. Ka3 Kc6 67.
Ka4 Bd8 68. Rb8 Rd7 69. Kb3 Kc7 70. Be5+ Kc6 71. a6 Bb6 72. Kc4 Re7 73. f4 Be3
74. Kd3 Bc5 75. Rb7 1-0

[Event "Chigorin Memorial"]
[Site "St Petersburg RUS"]
[Date "2013.10.12"]
[Round "8.34"]
[White "Palchun, Grigory"]
[Black "Neverov, Valeriy"]
[Result "0-1"]
[BlackTitle "GM"]
[WhiteElo "2263"]
[BlackElo "2505"]
[WhiteFideId "24147338"]
[BlackFideId "14100150"]
[EventDate "2013.10.05"]

1. e4 e5 2. Nf3 Nc6 3. Bb5 a6 4. Ba4 Nf6 5. O-O Be7 6. Re1 b5 7. Bb3 d6 8. c3
O-O 9. h3 Nb8 10. d4 Nbd7 11. Nbd2 Bb7 12. Bc2 Re8 13. Nf1 Bf8 14. Ng3 g6 15. b3
c6 16. Bb2 Bh6 17. a4 Qc7 18. Qe2 Rab8 19. Rad1 Ba8 20. Ba3 c5 21. axb5 axb5 22.
d5 Bb7 23. Bb2 Bc8 24. Ra1 Nb6 25. Ra2 Bd7 26. Rea1 c4 27. b4 Ra8 28. Qe1 Rxa2
29. Rxa2 Ra8 30. Rxa8+ Nxa8 31. Qa1 Nb6 32. Qa6 Qb8 33. Nf1 Nh5 34. g3 f5 35.
N3d2 Nf6 36. f3 fxe4 37. fxe4 Bxh3 38. Qxb5 Ng4 39. Bd1 Ne3 40. Be2 Bd7 41. Qa6
Na4 42. Bc1 Bb5 43. Qa5 Nxc3 44. Bf3 Nxf1 45. Kxf1 Na4 46. Be2 Nc3 47. Bf3 Be3
48. Kg2 Bd4 49. Bb2 Bb6 50. Qa1 Na4 51. Nxc4 Nxb2 52. Nxb6 Nd3 53. Qa5 Ne1+ 54.
Kf2 Nxf3 55. Qxb5 Nd4 56. Qd7 Qf8+ 57. Kg1 Nf3+ 58. Kg2 Ne1+ 59. Kg1 Nf3+ 60.
Kg2 Nd2 61. Qe6+ Kg7 62. Qd7+ Qf7 63. Qxf7+ Kxf7 64. Nc8 Nc4 65. Kf3 Ke8 66. Na7
h5 67. Ke2 g5 68. Nb5 Kd7 69. Nc3 Kc7 70. Kd3 Na3 71. Nd1 Kb6 72. Nf2 Kb5 73.
Nh3 g4 74. Ng5 Kxb4 75. Nh7 Nc4 76. Nf6 Nb2+ 77. Ke3 Kc3 78. Nxh5 Nc4+ 79. Ke2
Kd4 80. Nf6 Na3 81. Nxg4 Kxe4 82. Ne3 Nb5 83. Kf2 Nc3 84. g4 Kf4 85. Nc4 Ne4+
86. Ke2 Kxg4 87. Kd3 Kf3 88. Nb2 Nc5+ 89. Kc4 e4 90. Kc3 e3 0-1

[Event "Chigorin Memorial"]
[Site "St Petersburg RUS"]
[Date "2013.10.12"]
[Round "8.35"]
[White "Golubov, Saveliy"]
[Black "Predke, Alexandr"]
[Result "1/2-1/2"]
[WhiteElo "2233"]
[BlackElo "2464"]
[WhiteFideId "24176729"]
[BlackFideId "24107581"]
[EventDate "2013.10.05"]

1. e4 e5 2. Nf3 Nc6 3. Bc4 Bc5 4. O-O Nf6 5. d3 O-O 6. h3 a6 7. c3 d5 8. exd5
Nxd5 9. Re1 Nb6 10. Bb3 Bd6 11. Bg5 Qd7 12. Nbd2 Kh8 13. a4 a5 14. Be3 f6 15.
Ne4 Be7 16. d4 exd4 17. Nxd4 Nxd4 18. Bxd4 Qd8 19. Qh5 Bd7 20. Nc5 Bxc5 21. Bxc5
Re8 22. Qf7 Bxa4 23. Bxa4 Rxe1+ 24. Rxe1 Nxa4 25. Ba3 b5 26. Re7 Qg8 27. Qxg8+
Kxg8 28. Rxc7 b4 29. cxb4 axb4 30. Bxb4 Nxb2 31. Rc2 Nd3 32. Bd6 Ra6 33. Bg3 f5
34. Rc3 Ra1+ 35. Kh2 Rd1 36. f4 Nb4 37. Rc8+ Kf7 38. Rc7+ Kg6 39. Rc4 Nd5 40.
Bf2 Rf1 41. Bg3 h6 42. Rc6+ Kf7 43. Ra6 Nc3 44. Ra7+ Kg6 45. Ra3 Ne4 46. Re3 Kf7
47. Be1 g5 48. fxg5 Nxg5 49. h4 f4 50. Re2 f3 51. Rf2 Rxf2 52. Bxf2 Ne4 53. Kg1
fxg2 1/2-1/2

[Event "Chigorin Memorial"]
[Site "St Petersburg RUS"]
[Date "2013.10.12"]
[Round "8.36"]
[White "Iljiushenok, Ilia"]
[Black "Belenkaya, Dina"]
[Result "1-0"]
[BlackTitle "WFM"]
[WhiteElo "2418"]
[BlackElo "2203"]
[WhiteFideId "24105074"]
[BlackFideId "24142654"]
[EventDate "2013.10.05"]

1. c4 e5 2. Nc3 Nf6 3. Nf3 Nc6 4. e3 Be7 5. d4 exd4 6. Nxd4 Nxd4 7. Qxd4 b6 8.
Be2 Bb7 9. Bf3 Bxf3 10. gxf3 Bc5 11. Qd3 O-O 12. a3 c6 13. b4 Be7 14. Bb2 d5 15.
cxd5 Nxd5 16. Nxd5 Qxd5 17. Qxd5 cxd5 18. Ke2 Rfc8 19. Rac1 f6 20. Rhd1 Rxc1 21.
Rxc1 Bd6 22. h4 Kf7 23. h5 Ke6 24. f4 g6 25. h6 Rg8 26. Rc6 Kd7 27. Rc1 Ke6 28.
Bd4 g5 29. fxg5 Rxg5 30. Rc8 Rg6 31. Ra8 a5 32. bxa5 bxa5 33. Ra6 Kd7 34. Rxa5
Rxh6 35. Rxd5 Ke6 36. Ra5 Rg6 37. a4 f5 38. Ra7 h5 39. a5 Rh6 40. a6 Be5 41.
Bxe5 Kxe5 42. Ra8 Rb6 43. Re8+ Kf6 44. a7 1-0

[Event "Chigorin Memorial"]
[Site "St Petersburg RUS"]
[Date "2013.10.12"]
[Round "8.37"]
[White "Balaian, Alina"]
[Black "Mokshanov, Alexey"]
[Result "1/2-1/2"]
[WhiteTitle "WIM"]
[BlackTitle "FM"]
[WhiteElo "2218"]
[BlackElo "2411"]
[WhiteFideId "24115347"]
[BlackFideId "24121657"]
[EventDate "2013.10.05"]

1. e4 e6 2. d4 d5 3. Nd2 Nf6 4. e5 Nfd7 5. Bd3 c5 6. c3 Nc6 7. Ne2 cxd4 8. cxd4
f6 9. exf6 Nxf6 10. Nf3 Bd6 11. O-O Qc7 12. Bg5 O-O 13. Rc1 Bd7 14. Ng3 Qb6 15.
Bxf6 gxf6 16. Qd2 Qc7 17. Qh6 Be8 18. Rfe1 Bxg3 19. hxg3 Qg7 20. Qxg7+ Kxg7 21.
Rxe6 Bf7 22. Rd6 Rfd8 23. Rxd8 Rxd8 24. Bb5 Be8 25. Bxc6 Bxc6 26. Re1 Kf7 27.
Nh4 Bd7 28. Rc1 Ke6 29. g4 Kd6 30. f3 Re8 31. Kf2 a5 32. g3 b6 33. Nf5+ Bxf5 34.
gxf5 Kd7 35. Re1 Rc8 36. Ke3 Rc2 37. Re2 Rc1 38. Rh2 h5 39. a3 Rb1 40. g4 hxg4
41. fxg4 Ke7 42. Kd3 Rg1 43. Rh7+ Kd6 44. Rb7 Kc6 45. Rf7 Rg3+ 46. Ke2 Rxg4 47.
Rxf6+ Kb5 48. Ke3 Re4+ 49. Kd3 Rf4 50. Rf8 Ka4 51. Kc3 Rf3+ 52. Kc2 Rf2+ 1/2-1/2

[Event "Chigorin Memorial"]
[Site "St Petersburg RUS"]
[Date "2013.10.12"]
[Round "8.38"]
[White "Grinberg, Eyal"]
[Black "Arslanov, Shamil"]
[Result "0-1"]
[BlackTitle "IM"]
[WhiteElo "2087"]
[BlackElo "2405"]
[WhiteFideId "2806070"]
[BlackFideId "4192826"]
[EventDate "2013.10.05"]

1. e4 e6 2. d4 d5 3. Nd2 Nf6 4. e5 Nfd7 5. Bd3 c5 6. c3 Nc6 7. Ne2 cxd4 8. cxd4
f6 9. exf6 Qxf6 10. Nf3 h6 11. O-O Bd6 12. Ng3 O-O 13. Bc2 Rf7 14. a3 Nf8 15.
Re1 Bd7 16. Nh5 Qd8 17. g3 Be8 18. Nf4 Qf6 19. h4 g5 20. hxg5 hxg5 21. Nxg5 Qxg5
22. Nxe6 Qf6 23. Qg4+ Kh8 24. Qh5+ Nh7 25. Bf4 Rd7 26. Qh3 Bxf4 27. Nxf4 Rg7 28.
Nxd5 Qxd4 29. Rad1 Qxb2 30. Ne3 Ne5 31. Be4 Bc6 32. Nd5 Rf8 33. f4 Ng4 34. Qg2
Qxa3 35. Rd3 Qc5+ 36. Kf1 Bb5 0-1

[Event "Chigorin Memorial"]
[Site "St Petersburg RUS"]
[Date "2013.10.12"]
[Round "8.39"]
[White "Aleksandrov, Aleksej"]
[Black "Bublei, Pavel"]
[Result "1-0"]
[WhiteTitle "GM"]
[BlackTitle "FM"]
[WhiteElo "2600"]
[BlackElo "2328"]
[WhiteFideId "13500139"]
[BlackFideId "24112593"]
[EventDate "2013.10.05"]

1. d4 d5 2. c4 e6 3. Nc3 c5 4. cxd5 exd5 5. Nf3 Nc6 6. g3 Nf6 7. Bg2 Be7 8. O-O
O-O 9. Bg5 c4 10. e3 Be6 11. Nd2 Qa5 12. h3 Rad8 13. Ne2 Bf5 14. a3 Bd3 15. Re1
Qb5 16. b3 cxb3 17. Nc3 Qa6 18. Qxb3 Na5 19. Qa2 Bc4 20. Nxc4 dxc4 21. Rab1 Nb3
22. Bxf6 Bxf6 23. Bf1 b5 24. a4 bxa4 25. Red1 Qa5 26. Nxa4 Rc8 27. Rb2 Rc7 28.
Rc2 Rfc8 29. Nc3 Qh5 30. Kg2 a5 31. Be2 Qg6 32. Nb5 1-0

[Event "Chigorin Memorial"]
[Site "St Petersburg RUS"]
[Date "2013.10.12"]
[Round "8.40"]
[White "Gabrielian, Artur"]
[Black "Kigel, Dmytro"]
[Result "1-0"]
[WhiteTitle "GM"]
[BlackTitle "FM"]
[WhiteElo "2541"]
[BlackElo "2320"]
[WhiteFideId "4131002"]
[BlackFideId "14117932"]
[EventDate "2013.10.05"]

1. e4 e5 2. Nf3 Nc6 3. Bb5 Nf6 4. O-O Nxe4 5. d4 Nd6 6. Bxc6 dxc6 7. dxe5 Nf5 8.
Qxd8+ Kxd8 9. Nc3 Bd7 10. h3 h6 11. b3 Ne7 12. Bb2 Kc8 13. Rad1 c5 14. Rd2 b6
15. Rfd1 Be6 16. Ne2 Ng6 17. Ng3 Be7 18. Nh5 Rg8 19. Kh2 a5 20. a4 Kb7 21. c4
Rae8 22. g4 Bg5 23. Nxg5 hxg5 24. Kg3 Ne7 25. h4 gxh4+ 26. Kxh4 g6 27. Nf6 Rh8+
28. Kg3 Ref8 29. Ne4 Nc6 30. Ng5 Rd8 31. Kf4 Rxd2 32. Rxd2 Rd8 33. Rxd8 Nxd8 34.
Nxe6 Nxe6+ 35. Ke4 Kc6 36. f4 Kd7 37. f5 gxf5+ 38. gxf5 Nd8 39. Kd5 c6+ 40. Ke4
Ke8 41. Bc1 1-0

[Event "Chigorin Memorial"]
[Site "St Petersburg RUS"]
[Date "2013.10.12"]
[Round "8.42"]
[White "Levin, Evgeny A."]
[Black "Gvanceladze, Anna"]
[Result "1-0"]
[WhiteTitle "GM"]
[BlackTitle "WFM"]
[WhiteElo "2512"]
[BlackElo "2219"]
[WhiteFideId "4182596"]
[BlackFideId "4113721"]
[EventDate "2013.10.05"]

1. d4 d5 2. c4 c6 3. Nf3 Nf6 4. e3 e6 5. Bd3 Nbd7 6. b3 Bd6 7. O-O O-O 8. Bb2 b6
9. Nc3 Bb7 10. Qc2 Rc8 11. Rad1 Re8 12. e4 dxe4 13. Nxe4 Nxe4 14. Bxe4 Nf6 15.
Bd3 Qc7 16. c5 Bf8 17. Rfe1 g6 18. Ne5 Bg7 19. a3 Nd5 20. b4 Qe7 21. Nc4 Red8
22. Be4 Ba6 23. Nd6 Rc7 24. Qa4 Bc8 25. Bxd5 cxd5 26. Bc1 Qh4 27. Qb3 Ba6 28. b5
Bxd4 29. g3 Bxf2+ 30. Kxf2 Qxh2+ 31. Kf3 Qh5+ 32. Kg2 Bxb5 33. cxb6 axb6 34.
Nxb5 Rc5 35. Be3 d4 36. Nxd4 Rdc8 37. Rc1 e5 38. Nf3 1-0

[Event "Chigorin Memorial"]
[Site "St Petersburg RUS"]
[Date "2013.10.12"]
[Round "8.43"]
[White "Al-Sayed, Mohammed"]
[Black "Zhurikhin, Alexander"]
[Result "1/2-1/2"]
[WhiteTitle "GM"]
[BlackTitle "FM"]
[WhiteElo "2498"]
[BlackElo "2308"]
[WhiteFideId "12100196"]
[BlackFideId "4139569"]
[EventDate "2013.10.05"]

1. d4 Nf6 2. c4 e6 3. Nf3 b6 4. g3 Bb7 5. Bg2 Bb4+ 6. Bd2 Bxd2+ 7. Qxd2 O-O 8.
Nc3 Ne4 9. Qc2 Nxc3 10. Qxc3 d6 11. O-O Qe7 12. Rfe1 f5 13. Nh4 Bxg2 14. Nxg2
Nd7 15. e4 fxe4 16. Rxe4 Qf7 17. Rf4 Qh5 18. Re1 e5 19. Rxf8+ Rxf8 20. f4 exd4
21. Qxd4 Qc5 22. Qxc5 Nxc5 23. Re7 Rf7 24. Re8+ Rf8 25. Re7 Rf7 26. Re8+ Rf8 27.
Re7 1/2-1/2